Datum a čas kvízu
28
Celkem bodů
Celkový počet nahraných bodů na tomto kvízu bez doplňovacích otázek.
10.
Pořadí na kvízu
Konečné umístění týmu na tomto kvízu.
Zaznamenané odpovědi
| # | Otázka | Odpověď | Body | Výsledky |
|---|---|---|---|---|
| 1. | Nestává se často, aby naši zem... | Spojené arabské emiráty | 1 | |
| 2. | Letošní mimořádně teplé a such... | dinosauří stopy | 0 | |
| 3. | Herečka a bývalá první dáma Da... | Divadlo Na Vinohradech | 1 | |
| 4. | Na území Evropy bylo minulý tý... | Kypr | 0 | |
| 5. | Jak se jmenuje česká tenistka,... | Petra Kvitová | 1 | |
| 6. | Jak se nazývá vědní obor, kter... | B) cetologie | 1 | |
| 7. | Na kterého kytovce vyplazuje j... | na kosatku | 1 | |
| 8. | Většina zemí se členstvím v Me... | Norsko, Island, Japonsko | 0.5 | |
| 9. | Které z těchto zvířat nepatří... | D | 1 | |
| 10. | V hlavě vorvaně se nachází pol... | spermacet | 0 |